Normal view
MARC view
Entry Personal Name
001 - CONTROL NUMBER
- control field: 9179
003 - CONTROL NUMBER IDENTIFIER
- control field: BD-RjUL
005 - DATE AND TIME OF LATEST TRANSACTION
- control field: 20230925113532.0
008 - FIXED-LENGTH DATA ELEMENTS
- fixed length control field: 230925|| aca||aabn | a|a d
040 ## - CATALOGING SOURCE
- Original cataloging agency: BD-RjUL
- Transcribing agency: BD-RjUL
100 ## - HEADING--PERSONAL NAME
- Personal name: Shāhid Aḥmad Dihlavī,
- Dates associated with a name: 1906-1967
670 ## - SOURCE DATA FOUND
- Source citation: Work cat.: (BD-RjUL)81985: Shāhid Aḥmad Dihlavī, ;; دهلوى٫ شاهد احمد 1906-1967. 9178, چند ادبى شخصىّتىں ;; Cand adabī shak̲h̲ṣiyyaten̲ /, 1979.